Flaggen des Mittelmeeres - Statistiken

Allgemein
  • Dieses Quiz wurde 31.863 mal gespielt
  • Das Durchschnittsergebnis liegt bei 18 aus 21
Antwortstatistiken
Bildquiz Antwort % Korrekt
Frankreich
100%
Griechenland
99%
Italien
99%
Spanien
99%
Israel
98%
Türkei
98%
Albanien
97%
Kroatien
96%
Zypern
95%
Bosnien und Herzegowina
90%
Ägypten
89%
Malta
85%
Tunesien
85%
Libanon
82%
Marokko
82%
Slowenien
82%
Algerien
77%
Monaco
77%
Montenegro
72%
Syrien
65%
Libyen
57%
Keine übereinstimmenden Quizze gefunden
Verteilung der Resultate
Anzahl Personen mit jedem Resultat
Perzentil nach korrekt beantworteten Fragen
Ihre Resultats-Entwicklung
Sie haben dieses Quiz noch nicht gespielt